Statistics for On This Day (February 14th) Multiple Choice

Click here to take the quiz!

General Stats

  • This quiz has been taken 11 times
    (2 since last reset)
  • The average score is 8 of 16

Answer Stats

QuestionAnswer% Correct
1929 – Saint Valentine's Day Massacre: Seven people, six of them gangster rivals of Al Capone's gang, are murdered in which city ?Chicago, Illinois
100%
1912 – The U.S. Navy commissions its first what ?Diesel Submarines
100%
1849 – In New York City, James Knox Polk becomes the first serving President of the United States to have what ?His Photograph Taken
100%
1948 – Teller, American magician and actor, half of Penn & Teller was born in which city ?Philadelphia
100%
1989 – Iranian leader Ruhollah Khomeini issues a fatwa encouraging Muslims to kill which author ?Salman Rushdie
100%
842 – Louis the German and which other person swear the Oaths of Strasbourg in the French and German language ?Charles the Bald
50%
1852 – Great Ormond St Hospital, is founded in London, the first hospital in England to provide in-patient beds specifically for which type of patient ?.Children
50%
1778 – The United States flag is formally recognized by a what for the first time ?Foreign Naval Vessel
50%
1779 – James Cook is killed by Native Hawaiians on which Hawaiian Island ?Hawai'i
50%
1989 – Which company agrees to pay $470 million to the Indian government for damages ?Union Carbide
50%
The Feast of Saint Valentine was established by Pope Gelasius I to be celebrated on February 14 in honour of the Christian martyr, Saint Valentine of Rome, but in which year ?496
0%
1912 – Which state is admitted as the 48th and the last contiguous U.S. state ?Arizona
0%
2004 - The roof of the Transvaal Water Park collapses killing 28 people and injuring 193 others, in which city?Moscow, Russia
0%
1400 – Richard II of England dies, in Pontefract Castle, most probably as a result of what ?Starvation
0%
1990 – Which spacecraft takes the photograph of planet Earth that later becomes famous as the "Pale Blue Dot" ?Voyager 1
0%
2005 – Which website is launched by a group of college students, eventually becoming the largest of its kind in the world ?YouTube
0%

Score Distribution

Percentile by Number Answered

Percent of People with Each Score

Your Score History

You have not taken this quiz since the last reset